FASHION & FASHION DESIGNER: DICTIONARY (Record no. 13530)

MARC details
000 -LEADER
fixed length control field 00271nam a22001217a 4500
003 - CONTROL NUMBER IDENTIFIER
control field SGT
082 ## - DEWEY DECIMAL CLASSIFICATION NUMBER
Classification number 746.92
Item number THA
100 ## - MAIN ENTRY--PERSONAL NAME
Personal name THAMES & HUDSON
245 ## - TITLE STATEMENT
Title FASHION & FASHION DESIGNER: DICTIONARY
260 ## - PUBLICATION, DISTRIBUTION, ETC. (IMPRINT)
Name of publisher, distributor, etc THAMES & HUDSON
Year of Publication 2008
300 ## - PAGE DESCRIPTION
No. of Pages 296
942 ## - ADDED ENTRY ELEMENTS (KOHA)
Source of classification or shelving scheme Dewey Decimal Classification
Koha item type Books
942 ## - ADDED ENTRY ELEMENTS (KOHA)
-- 7
Holdings
Withdrawn status Lost status Source of classification or shelving scheme Damaged status Not for loan Home library Current library Shelving location Date acquired Vendor Name Cost, normal purchase price SGTU Bill Number Total Checkouts Full call number Accession No. (Barcode) Date last seen Date last borrowed Bill Date Koha item type
    Dewey Decimal Classification     SGT Science & Social Sciences Library SGT Science & Social Sciences Library Text Book 20/09/2017 SUMSAC INT. DELHI 0.00 SGTU 02854 1 746.92 THA FF502 05/04/2023 03/02/2023 20/09/2017 Books
    Dewey Decimal Classification     SGT Science & Social Sciences Library SGT Science & Social Sciences Library Text Book 20/09/2017 SUMSAC INT. DELHI 0.00 SGTU 02854 3 746.92 THA FF503 22/04/2024 18/04/2024 20/09/2017 Books
    Dewey Decimal Classification     SGT Science & Social Sciences Library SGT Science & Social Sciences Library Text Book 20/09/2017 SUMSAC INT. DELHI 0.00 SGTU 02854 6 746.92 THA FF504 28/09/2022 14/09/2022 20/09/2017 Books